000 00736nam a2200253Ia 4500
003 GCL
008 140319s9999 xx 000 0 ara d
040 _aGCL /
_cGCL
082 0 4 _a001.534
_bع ر
100 1 _aعبدالوهاب كحيل
245 1 0 _aالراى العام والسياسات الاعلامية /
_cعبدالوهاب كحيل
260 _a[S.N] :
_bمكتبة المدينة ،
_c1987
300 _a158 ص
490 _a
650 0 4 _aالمجتمع
650 0 4 _aفلسفة
650 0 4 _aنظريات
650 0 4 _aالاعلام
650 0 4 _aالوعى الاجتماعى
650 0 4 _aالراى العام
650 0 4 _aرسائل الاعلام
650 0 4 _aالتوعية
942 _2ddc
_cBK
999 _c33026
_d33026